<?xml version="1.0" encoding="UTF-8"?>
<record
    xmlns:xsi="http://www.w3.org/2001/XMLSchema-instance"
    xsi:schemaLocation="http://www.loc.gov/MARC21/slim http://www.loc.gov/standards/marcxml/schema/MARC21slim.xsd"
    xmlns="http://www.loc.gov/MARC21/slim">

  <leader>03344nam a2200517Ia 4500</leader>
  <controlfield tag="001">1104</controlfield>
  <controlfield tag="008">241029s9999    xx            000 0 und d</controlfield>
  <datafield tag="010" ind1=" " ind2=" ">
    <subfield code="a">1015</subfield>
  </datafield>
  <datafield tag="041" ind1=" " ind2=" ">
    <subfield code="a">Espa&#xF1;ol</subfield>
  </datafield>
  <datafield tag="082" ind1=" " ind2=" ">
    <subfield code="a">MAED 2000-18</subfield>
  </datafield>
  <datafield tag="245" ind1=" " ind2="0">
    <subfield code="a">Impacto de la metodolog&#xED;a constructivista en los docentes de Primer y Segundo Grados del Nivel B&#xE1;sico en el Distrito Educativo 08-05, (Santiago)</subfield>
  </datafield>
  <datafield tag="260" ind1=" " ind2=" ">
    <subfield code="a">Santiago</subfield>
  </datafield>
  <datafield tag="300" ind1=" " ind2=" ">
    <subfield code="a">117</subfield>
  </datafield>
  <datafield tag="520" ind1=" " ind2=" ">
    <subfield code="a">36</subfield>
  </datafield>
  <datafield tag="630" ind1=" " ind2=" ">
    <subfield code="a">Metodolog&#xED;a de Ense&#xF1;anza</subfield>
  </datafield>
  <datafield tag="650" ind1=" " ind2=" ">
    <subfield code="a">Administraci&#xF3;n de la Educaci&#xF3;n</subfield>
  </datafield>
  <datafield tag="690" ind1=" " ind2=" ">
    <subfield code="a">Sintetizado</subfield>
  </datafield>
  <datafield tag="700" ind1=" " ind2=" ">
    <subfield code="e">asesor</subfield>
    <subfield code="a">No, Aplica</subfield>
  </datafield>
  <datafield tag="700" ind1=" " ind2=" ">
    <subfield code="e">autor</subfield>
    <subfield code="a">Fern&#xE1;ndez A, Dulce Mar&#xED;a</subfield>
  </datafield>
  <datafield tag="901" ind1=" " ind2=" ">
    <subfield code="a">{"1":"Fern&#xE1;ndez A"}</subfield>
    <subfield code="b">{"1":"Dulce Mar&#xED;a"}</subfield>
  </datafield>
  <datafield tag="902" ind1=" " ind2=" ">
    <subfield code="a">1</subfield>
  </datafield>
  <datafield tag="903" ind1=" " ind2=" ">
    <subfield code="a">{"1":"No"}</subfield>
    <subfield code="b">{"1":"Aplica"}</subfield>
  </datafield>
  <datafield tag="904" ind1=" " ind2=" ">
    <subfield code="a">Maestr&#xED;a en</subfield>
  </datafield>
  <datafield tag="905" ind1=" " ind2=" ">
    <subfield code="a">Administraci&#xF3;n de la Educaci&#xF3;n</subfield>
  </datafield>
  <datafield tag="906" ind1=" " ind2=" ">
    <subfield code="a">2</subfield>
  </datafield>
  <datafield tag="907" ind1=" " ind2=" ">
    <subfield code="a">NO APLICA</subfield>
  </datafield>
  <datafield tag="908" ind1=" " ind2=" ">
    <subfield code="a">NO APLICA</subfield>
  </datafield>
  <datafield tag="909" ind1=" " ind2=" ">
    <subfield code="a">Pontificia Universidad Cat&#xF3;lica Madre y Maestra (PUCMM), Recinto Santiago</subfield>
  </datafield>
  <datafield tag="910" ind1=" " ind2=" ">
    <subfield code="a">NULL</subfield>
    <subfield code="b">NULL</subfield>
  </datafield>
  <datafield tag="911" ind1=" " ind2=" ">
    <subfield code="a">["1"]</subfield>
  </datafield>
  <datafield tag="912" ind1=" " ind2=" ">
    <subfield code="a">NO APLICA</subfield>
  </datafield>
  <datafield tag="913" ind1=" " ind2=" ">
    <subfield code="a">NULL</subfield>
  </datafield>
  <datafield tag="914" ind1=" " ind2=" ">
    <subfield code="a">10 de Enero de 2000</subfield>
  </datafield>
  <datafield tag="915" ind1=" " ind2=" ">
    <subfield code="a">19/07/15 12:07</subfield>
  </datafield>
  <datafield tag="916" ind1=" " ind2=" ">
    <subfield code="a">NULL</subfield>
  </datafield>
  <datafield tag="917" ind1=" " ind2=" ">
    <subfield code="a">NULL</subfield>
  </datafield>
  <datafield tag="918" ind1=" " ind2=" ">
    <subfield code="a">NO APLICA</subfield>
  </datafield>
  <datafield tag="919" ind1=" " ind2=" ">
    <subfield code="a">["139"]</subfield>
  </datafield>
  <datafield tag="520" ind1=" " ind2=" ">
    <subfield code="a">La investigaci&#xF3;n es descriptiva. El Distrito Educativo 08-05 est&#xE1; conformado por una poblaci&#xF3;n de 538 profesores(as), 120 son de 1er. grado y 115 de segundo. Se seleccion&#xF3; una muestra de 146 profesores(as), se escogieron 10 Centros Educativos de la zona urbana, 5 de la urbana marginal y 5 de la rural, a todos estos grupos se les aplic&#xF3; un cuestionario de 30 &#xED;tems. La investigaci&#xF3;n corresponde al a&#xF1;o escolar 1998-1999.Los hallazgos principales son: el 34.2% de los maestros(as) de 1er. y 2do. grados tienen t&#xED;tulo de profesorado, 29.5% de maestro(a) normal, 24% de licenciatura en educaci&#xF3;n y el resto de profesores(as) tienen otros niveles m&#xE1;s bajos. Entre los m&#xE9;todos presentados en el cuestionario a los profesores(as) est&#xE1;n: fon&#xE9;tico (3.5%), sil&#xE1;bico (7.0%), palabras normales (13.3%), cuentos (3.5%), anal&#xED;tico (23.8%), sint&#xE9;tico (0.7%), constructivista (81%), alfab&#xE9;tico (4.2%) y no contest&#xF3; (2.0%). En cuanto al tiempo de lectura de los ni&#xF1;os, la mayor proporci&#xF3;n de ni&#xF1;os(as) leen diario (47.3%), sigui&#xE9;ndole los que leen interdiario con un (22.6%), indicando esto que el tiempo dedicado a la lectura es suficiente, seg&#xFA;n lo recomendado en el curr&#xED;culum de primero y segundo grados.En cuanto a las t&#xE9;cnicas utilizadas en la ense&#xF1;anza en 1er. y 2do. grado, la de mayor uso es la t&#xE9;cnica donde el alumno construye sus propios conocimientos (91.6%), sigui&#xE9;ndole la t&#xE9;cnica del di&#xE1;logo (67.8%), la t&#xE9;cnica de la tarea dirigida (62.2%), la t&#xE9;cnica de menor porcentaje fue la exposici&#xF3;n del tema por parte del profesor (4.9%). El constructivismo promueve el sentido cr&#xED;tico, reflexivo, la autonom&#xED;a, la creatividad, la comprensi&#xF3;n de la realidad y la responsabilidad con la intenci&#xF3;n de mejorar la calidad de Vida y actitudes fundamentales para una ciudadan&#xED;a democr&#xE1;tica. Podemos observar que de todos los m&#xE9;todos empleados en 1ero. y 2do. grado, el que alcanz&#xF3; mayor porcentaje fue el constructivismo con un 81%.</subfield>
  </datafield>
  <datafield tag="921" ind1=" " ind2=" ">
    <subfield code="a">11</subfield>
  </datafield>
  <datafield tag="922" ind1=" " ind2=" ">
    <subfield code="a">11</subfield>
  </datafield>
  <datafield tag="923" ind1=" " ind2=" ">
    <subfield code="a">0</subfield>
  </datafield>
  <datafield tag="924" ind1=" " ind2=" ">
    <subfield code="a">NO APLICA</subfield>
  </datafield>
  <datafield tag="942" ind1=" " ind2=" ">
    <subfield code="c">Tesis</subfield>
  </datafield>
  <datafield tag="999" ind1=" " ind2=" ">
    <subfield code="c">1015</subfield>
    <subfield code="d">1015</subfield>
  </datafield>
</record>
